<?xml version="1.0" encoding="UTF-8"?>
<record
    xmlns:xsi="http://www.w3.org/2001/XMLSchema-instance"
    xsi:schemaLocation="http://www.loc.gov/MARC21/slim http://www.loc.gov/standards/marcxml/schema/MARC21slim.xsd"
    xmlns="http://www.loc.gov/MARC21/slim">

  <leader>00591nam a2200145 a 4500</leader>
  <controlfield tag="001">1758</controlfield>
  <controlfield tag="003">CDMR</controlfield>
  <controlfield tag="005">20130726133513.0</controlfield>
  <controlfield tag="008">130130s1997||||||||||||||||||||||||||||d</controlfield>
  <datafield tag="040" ind1=" " ind2=" ">
    <subfield code="a">CDMR</subfield>
    <subfield code="b">cat</subfield>
    <subfield code="c">CPC GIRONA</subfield>
  </datafield>
  <datafield tag="111" ind1="2" ind2=" ">
    <subfield code="9">3068</subfield>
    <subfield code="a">Jornades sobre pol&#xED;tiques d'immigraci&#xF3; i pol&#xED;tiques d'integraci&#xF3;</subfield>
    <subfield code="c">Girona</subfield>
    <subfield code="d">1997</subfield>
    <subfield code="n">1es</subfield>
  </datafield>
  <datafield tag="245" ind1="1" ind2="0">
    <subfield code="a">Jornades sobre pol&#xED;tiques d'immigraci&#xF3; i pol&#xED;tiques d'integraci&#xF3;</subfield>
    <subfield code="b">: Girona, 5, 6 i 7 de novembre de 1997. Pon&#xE8;ncies de Eliseo Aja, Manuel Ballb&#xE9; i &#xC1;lvaro Gil-Robles</subfield>
  </datafield>
  <datafield tag="260" ind1=" " ind2=" ">
    <subfield code="c">1997</subfield>
    <subfield code="b">Fundaci&#xF3; C&#xE0;ritas Immigraci&#xF3;</subfield>
    <subfield code="a">Girona</subfield>
  </datafield>
  <datafield tag="942" ind1=" " ind2=" ">
    <subfield code="c">MON</subfield>
    <subfield code="2">udc</subfield>
  </datafield>
  <datafield tag="999" ind1=" " ind2=" ">
    <subfield code="c">1758</subfield>
    <subfield code="d">1758</subfield>
  </datafield>
  <datafield tag="952" ind1=" " ind2=" ">
    <subfield code="0">0</subfield>
    <subfield code="1">0</subfield>
    <subfield code="4">0</subfield>
    <subfield code="7">0</subfield>
    <subfield code="a">GIRONA</subfield>
    <subfield code="b">GIRONA</subfield>
    <subfield code="d">2010-12-03</subfield>
    <subfield code="l">0</subfield>
    <subfield code="o">Bc 204</subfield>
    <subfield code="p">GIRONA1311612752</subfield>
    <subfield code="r">2013-01-16</subfield>
    <subfield code="w">2013-01-16</subfield>
    <subfield code="y">MON</subfield>
  </datafield>
</record>
